Gender, place and culture a journal of feminist geography.

Bibliographic Details
Format: Electronic Journal
Language:English
Published: [Abingdon, Oxfordshire] : Carfax International Publishers
[Abingdon] : Routledge, Taylor & Francis
Subjects:
Online Access:Full text available from Research Library: 07/01/1997 to 09/30/2000

MARC

LEADER 00000nas a2200000 a 4500
001 ssj0000308
003 WaSeSS
005 20200512172242.0
006 m d
007 cr n
008 971110c19949999enkmr pss 0 a0eng c
010 |a  2011236826 
015 |a GBA604613  |2 bnb 
016 7 |a 013355087  |2 Uk 
022 |a 1360-0524  |l 0966-369X  |y 0966-369X 
030 |a GPCUE9 
035 |a (WaSeSS)ssj0000308 
037 |b Carfax International Publishers, PO Box 25, Abingdon, Oxfordshire, OX14 3UE, UK 
040 |a F#A  |b eng  |e pn  |c F#A  |d OCL  |d EYM  |d OCLCQ  |d MUQ  |d SYB  |d CO3  |d OCLCQ  |d UKMGB  |d NOC  |d CSU  |d LRU  |d OCLCQ  |d COO  |d OCLCO  |d OCLCF  |d OCLCO  |d OCLCQ  |d NLE  |d DLC  |d NTG  |d AU@  |d OCLCO  |d VT2  |d UEJ  |d WaSeSS 
042 |a pcc 
050 0 0 |a GF1 
082 0 4 |a 304.2 
130 0 |a Gender, place and culture (Online) 
245 1 0 |a Gender, place and culture  |h [electronic resource] :  |b a journal of feminist geography. 
246 1 |a Gender, place & culture 
260 |a [Abingdon, Oxfordshire] :  |b Carfax International Publishers 
260 3 |3 2005- :  |a [Abingdon] :  |b Routledge, Taylor & Francis 
310 |a Monthly,  |b 2016- 
321 |a Bimonthly,  |b 2006-2012 
321 |a Semiannual 
362 1 |a Print began with vol. 1, no. 1, published in 1994. 
506 |a License restrictions may limit access. 
538 |a Mode of access: World Wide Web. 
588 |a Description based on: Vol. 4, no. 1 (1997); title from journal information screen (viewed Nov. 9, 1997). 
588 |a Latest issue consulted: Vol. 25, no. 4 (2018) (Taylor & Francis website, viewed May 9, 2018). 
650 0 |a Human geography  |v Periodicals. 
650 0 |a Feminism  |v Periodicals. 
650 6 |a Géographie féministe  |v Périodiques. 
650 7 |a Feminism.  |2 fast  |0 (OCoLC)fst00922671 
650 7 |a Human geography.  |2 fast  |0 (OCoLC)fst00963107 
653 |a Periodical 
655 0 |a Electronic journals. 
776 0 8 |i Print version:  |t Gender, place and culture  |x 0966-369X  |w (DLC) 95652870  |w (OCoLC)29760407 
850 |a DLC 
856 4 0 |z Full text available from Research Library: 07/01/1997 to 09/30/2000  |u https://search.proquest.com/publication/32748